[Event "Ambalangoda Dhamso op 4th"]
[Site "Ambalangoda"]
[Date "2014.05.01"]
[Round "4"]
[White "Amarasinghe, AACB"]
[Black "Mihiranga, Yasiru"]
[Result "1-0"]
[WhiteElo "1852"]
[BlackElo "1586"]
[PlyCount "58"]
[EventDate "2014.04.30"]
[EventType "swiss"]
[EventRounds "9"]
[EventCountry "SRI"]
[SourceTitle "CBM 160 Extra"]
[Source "ChessBase"]
[SourceDate "2014.07.01"]
[SourceVersion "1"]
[SourceVersionDate "2014.07.01"]
[SourceQuality "1"]

1. e4 c6 2. Nc3 d5 3. Nf3 dxe4 4. Nxe4 Bg4 5. Bc4 e6 6. h3 Bh5 7. g4 Bg6 8. Ng3 Bd6 9. d3 Qc7 10. Rg1 Nf6 11. Qe2 Nd5 12. Nf5 0-0 13. Nxd6 Qxd6 14. h4 f6 15. h5 Bf7 16. Bd2 Nd7 17. a4 e5 18. Nh4 Nf4 19. Qe3 Bxc4 20. dxc4 c5 21. Qe4 Rab8 22. Nf5 Qc7 23. 0-0-0 Rfd8 24. Bxf4 exf4 25. Qe6+ Kh8 26. Qe7 Rg8 27. Nd6 Rgf8 28. Nf7+ Rxf7 29. Qxf7 Rd8 1-0